Interaction between rubber and carbon black studied by tof-sims (Record no. 61497)

MARC details
000 -LEADER
fixed length control field 00440nam a2200169Ia 4500
100 ## - MAIN ENTRY--AUTHOR NAME
Personal name Bertrand P
245 #0 - TITLE STATEMENT
Title Interaction between rubber and carbon black studied by tof-sims
260 ## - PUBLICATION, DISTRIBUTION, ETC. (IMPRINT)
Name of publisher Rubber Chemistry and Technology
Year of publication 2002
300 ## - PHYSICAL DESCRIPTION
Number of Pages 627-634
650 ## - SUBJECT ADDED ENTRY--TOPICAL TERM
Topical Term Carbon blcak
650 ## - SUBJECT ADDED ENTRY--TOPICAL TERM
Topical Term Tof-sims
700 ## - ADDED ENTRY--PERSONAL NAME
Personal name Lauer W
700 ## - ADDED ENTRY--PERSONAL NAME
Personal name Weng L T
700 ## - ADDED ENTRY--PERSONAL NAME
Personal name Zimmer R
942 ## - ADDED ENTRY ELEMENTS (KOHA)
Koha item type Journals
Holdings
Withdrawn status Lost status Damaged status Not for loan Home library Current library Shelving location Date acquired Serial Enumeration / chronology Koha item type
      Journals RRII Library RRII Library Rubber chemistry 01/01/2021 Volume 75, Issue 4 Journals